| Tag |
First Indicator |
Second Indicator |
Subfields |
| LEADER |
00000cam a2200000Ia 4500 |
| 001 |
in00002118915 |
| 005 |
20151103064635.0 |
| 008 |
871208s1922 er 000 d rus d |
| 035 |
|
|
|a (OCoLC)ocm17202010
|
| 040 |
|
|
|a MIA
|c MIA
|d TXA
|d UtOrBLW
|
| 049 |
|
|
|a TXAM
|
| 082 |
0 |
4 |
|a 891.73
|
| 090 |
|
|
|a PG3451.A7
|b V3 1922
|
| 100 |
1 |
|
|6 880-01
|a Amfiteatrov, Aleksandr,
|d 1862-1938.
|
| 245 |
1 |
0 |
|6 880-02
|a Vasiliĭ Buslaev :
|b predstavlenīe v 4kh di︠e︡ĭstvii︠a︡kh /
|c Aleksandr Amfiteatrov.
|
| 246 |
3 |
|
|a Vasiliĭ Buslaev :
|b predstavlenīe v chetyrekh di︠e︡ĭstvii︠a︡kh
|
| 264 |
|
1 |
|6 880-03
|a Revelʹ :
|b Izd-vo Biblīofil,
|c [1922]
|
| 300 |
|
|
|a xv, 248 pages ;
|c 19 cm.
|
| 336 |
|
|
|a text
|b txt
|2 rdacontent
|
| 337 |
|
|
|a unmediated
|b n
|2 rdamedia
|
| 338 |
|
|
|a volume
|b nc
|2 rdacarrier
|
| 536 |
|
|
|a From the Estate of George and Mathilda Sabo by Dr. Joseph R. Corcoran & Irene Sabo Corcoran and Family. September 1998.
|
| 880 |
1 |
|
|6 100-01
|a Амфитеатров, Александр,
|d 1862-1938.
|
| 880 |
1 |
0 |
|6 245-02
|a Василий Буслаев :
|b представленіе в 4х дѣйствиях /
|c Александр Амфитеатров.
|
| 880 |
|
|
|6 264-03
|a Ревель :
|b Изд-во Библіофил,
|c [1922]
|
| 948 |
|
|
|a cataloged
|b h
|c 2006/5/2
|d c
|e tchubaryan
|f 9:45:44 am
|
| 994 |
|
|
|a C0
|b TXA
|
| 999 |
|
|
|a MARS
|
| 999 |
f |
f |
|s 64017224-879e-304d-a978-9c5c724f2956
|i 917fc760-7cb5-3b4a-9bc2-0bdd7584a34c
|t 0
|
| 952 |
f |
f |
|p ric
|a Texas A&M University
|b Rellis Campus
|c Joint Library Facility
|s JLF
|d Remote Storage
|t 0
|e PG3451.A7 V3 1922
|h Library of Congress classification
|i unmediated -- volume
|m A14834107221
|
| 998 |
f |
f |
|a PG3451.A7 V3 1922
|t 0
|l Remote Storage
|